000
00388nam a2200133Ia 4500
008
100328s9999 xx 000 0 und d
082
_b
19531
100
_a
देशपांडे ना.व्यं.
245
_a
उत्तर रात्र
260
_b
अमेय
630
_a
उत्तर रात्र
730
_a
उत्तर रात्र
942
_c
BOOK
999
_c
513833
_d
513830